| 000 | 00682nam a22002057a 4500 | ||
|---|---|---|---|
| 999 |
_c14386 _d14386 |
||
| 003 | AR-CdUCM | ||
| 008 | 190423b ||||| |||| 00| 0 spa d | ||
| 020 | _a978-607-404-146-0 | ||
| 040 |
_aMUNICIPALIDAD PROVINCIAL DEL CUSCO _cBIBLIOTECA MUNICIPAL DEL CUSCO |
||
| 082 |
_aPI / 808.06 / _bD82 |
||
| 110 |
_aSilver Dolphin. _933031 |
||
| 245 | _aHistorias tenebrosas / | ||
| 260 |
_aChina : _bSilver Dolphin, _c2013. |
||
| 300 |
_c24 cm. _a303 páginas ; |
||
| 440 |
_aDisney _933136 |
||
| 505 | _aContenido :Los increibles -- Aladdin -- Peter Pan -- Blanca Nieves y los siete enanos -- Dumbo ... | ||
| 650 |
_aCuentos _9217 |
||
| 942 |
_2ddc _cLIBROS |
||
| 945 |
_arum _d2019-04-23 |
||